000 00748cab a2200241 4500
001 WB3341-09
008 090401t1997 xxu||||| |||| 00| 0 eng d
035 _a(Sirsi) u81675
041 _aeng
245 2 _aA landmark to bank on
260 _c1997
350 _a0
490 _aFinancial Times
_v24 October 1997, 28(1)
520 _aNatWest`s successful marketing of its previously redundant NatWest Tower, reflects the Bank`s buoyant property portfolio.
650 _aNATIONAL WESTMINSTER BANK
650 _aNATWEST TOWER
650 _aPROPERTY INVESTMENT
650 _aPROPERTY PORTFOLIO
650 _aREDUNDANT BUILDINGS
690 _aPROPERTY-COMMERCIAL PROPERTY-COMMERCIAL PROPERTY MARKET
942 _n0
948 _c24/10/1997
999 _c51484
_d51484